LEADER 01036nam1 2200361 450 001 990001003890203316 010 $a2-226-12167-6 035 $a0100389 035 $aUSA010100389 035 $a(ALEPH)000100389USA01 035 $a0100389 100 $a20020228d2001----km-y0itay0103----ba 101 0 $aeng 102 $aGB 105 $ay|||z|||001yy 200 1 $a<> scepticisme au 16. et au 17. sièclecassique$fSous la direction de Pierre-François Moreau 210 $aParis$cAlbin Michel$dcopyr. 2001 215 $a413 p.$d24 cm 225 2 $aIdées 410 0$12001$aIdées 606 $aScetticismo$zSec. 16.-17. 676 $a149.73 702 1$aMOREAU,$bPierre-François 801 0$aIT$bsalbc$gISBD 912 $a990001003890203316 951 $aIV C 3270 959 $aBK 969 $auma 979 $aCHIARA$b90$c20020228$lUSA01$h1058 979 $c20020403$lUSA01$h1742 979 $aPATRY$b90$c20040406$lUSA01$h1709 996 $aScepticisme au 16. et au 17. sièclecassique$9974582 997 $aUNISA LEADER 02230nam 2200529 a 450 001 9910563162703321 005 20240922213710.0 024 7 $a10.3726/b12861 035 $a(CKB)4340000000239334 035 $a(WaSeSS)Ind00078602 035 $a(oapen)https://directory.doabooks.org/handle/20.500.12854/28668 035 $a(MiAaPQ)EBC31203041 035 $a(oapen)doab28668 035 $a(EXLCZ)994340000000239334 100 $a20131010h20121992 || | 101 0 $ager 135 $aur||||||||||| 181 $ctxt$2rdacontent 182 $cc$2rdamedia 183 $acr$2rdacarrier 200 10$aVom Dialog in der Epik zum epischen Dialog $eEvolution der Redeformen in der russischen Literatur des 11. bis 18. Jahrhunderts /$fWalter Koschmal 210 $aVienna, Austria $cGesellschaft zur Fo?rderung slawistischer Studien$d2012, c1992 215 $a1 online resource (218 p.) 225 1 $aWiener Slawistischer Almanach. Sonderband,$x0258-6853 ;$v34 311 08$a3-95479-645-7 320 $aIncludes bibliographical references. 330 $aGerman and Russian. Includes bibliographical references (p. 204-218). Durchsuchbare elektronische Faksimileausgabe als PDF. Digitalisiert im Rahmen des DFG-Projektes Digi20 in Kooperation mit der BSB Mu?nchen. OCR-Bearbeitung durch den Verlag Otto Sagner. 410 0$aWiener Slawistischer Almanach.$pSonderband ;$v34. 606 $aRussian language$xDiscourse analysis 606 $aDialogue analysis 606 $aDirect discourse in literature 606 $aIndirect discourse in literature 606 $aRussian literature$yTo 1700$xHistory and criticism 606 $aRussian literature$y18th century$xHistory and criticism 615 0$aRussian language$xDiscourse analysis. 615 0$aDialogue analysis. 615 0$aDirect discourse in literature. 615 0$aIndirect discourse in literature. 615 0$aRussian literature$xHistory and criticism. 615 0$aRussian literature$xHistory and criticism. 700 $aKoschmal$b Walter$0687108 801 0$bWaSeSS 801 1$bWaSeSS 906 $aBOOK 912 $a9910563162703321 996 $aVom Dialog in der Epik zum epischen Dialog$92159367 997 $aUNINA